00378nam a2200121 a 450000500170000000800410001705000170005824500220007530000110009765000210010899900190012995201080014820140513081051.0020606s19uu xx 00 eng d aP 372.7bHOW aHow many blocks?. aPoster aCountingxPoster c116332d116332 001040aELbELcKITd2002-06-06eLib. Fundl0oP 372.7 HOWpE306r2014-05-13 00:00:00w2014-05-13yKIT